LEADER 01941nas 2200625- 450 001 9910315219403321 005 20241204161306.0 011 $a2639-5940 035 $a(OCoLC)1056175826 035 $a(CKB)4920000000029809 035 $a(CONSER)--2018203776 035 $a(MiAaPQ)1586342 035 $a(DE-599)ZDB3005645-7 035 $a(EXLCZ)994920000000029809 100 $a20181009a20199999 --- a 101 0 $aeng 135 $aur||||||||||| 181 $ctxt$2rdacontent 182 $cc$2rdamedia 183 $acr$2rdacarrier 200 10$aEnvironmental pollutants & bioavailability 210 1$aAbingdon, UK :$cTaylor & Francis,$d2019- 215 $a1 online resource 300 $aRefereed/Peer-reviewed 311 08$a2639-5932 517 1 $aEnvironmental pollutants and bioavailability 531 0 $aEnviron. pollut. bioavailab. 606 $aPollution$vPeriodicals 606 $aBioavailability$vPeriodicals 606 $aEnvironmental chemistry$vPeriodicals 606 $aPollution$vPériodiques 606 $aBiodisponibilité$vPériodiques 606 $aChimie de l'environnement$vPériodiques 606 $aPollution$2fast$3(OCoLC)fst01070069 606 $aEnvironmental chemistry$2fast$3(OCoLC)fst00912860 606 $aBioavailability$2fast$3(OCoLC)fst00831935 608 $aPeriodical. 608 $aperiodicals.$2aat 608 $aPeriodicals.$2fast 608 $aPeriodicals.$2lcgft 608 $aPériodiques.$2rvmgf 615 0$aPollution 615 0$aBioavailability 615 0$aEnvironmental chemistry 615 6$aPollution 615 6$aBiodisponibilité 615 6$aChimie de l'environnement 615 7$aPollution. 615 7$aEnvironmental chemistry. 615 7$aBioavailability. 676 $a577.27 906 $aJOURNAL 912 $a9910315219403321 996 $aEnvironmental pollutants & bioavailability$92221829 997 $aUNINA LEADER 04572nam 22007092 450 001 9910968397803321 005 20151005020624.0 010 $a1-107-22132-3 010 $a1-283-11275-2 010 $a9786613112750 010 $a1-139-07636-1 010 $a1-139-08318-X 010 $a1-139-07864-X 010 $a1-139-08091-1 010 $a0-511-79425-8 010 $a1-139-07063-0 035 $a(CKB)2670000000089156 035 $a(EBL)691972 035 $a(OCoLC)723945784 035 $a(SSID)ssj0000521188 035 $a(PQKBManifestationID)11317855 035 $a(PQKBTitleCode)TC0000521188 035 $a(PQKBWorkID)10517414 035 $a(PQKB)10741882 035 $a(UkCbUP)CR9780511794254 035 $a(Au-PeEL)EBL691972 035 $a(CaPaEBR)ebr10469088 035 $a(CaONFJC)MIL311275 035 $a(MiAaPQ)EBC691972 035 $a(PPN)261337602 035 $a(EXLCZ)992670000000089156 100 $a20100702d2011|||| uy| 0 101 0 $aeng 135 $aur||||||||||| 181 $ctxt$2rdacontent 182 $cc$2rdamedia 183 $acr$2rdacarrier 200 10$aBlack holes $eproceedings of the Space Telescope Science Institute Symposium, held in Baltimore, Maryland, April 23-26, 2007 /$fedited by Mario Livio, Anton Koekemoer 205 $a1st ed. 210 1$aCambridge :$cCambridge University Press,$d2011. 215 $a1 online resource (ix, 321 pages) $cdigital, PDF file(s) 225 1 $aSpace Telescope Science Institute symposium series ;$v21 300 $aTitle from publisher's bibliographic system (viewed on 05 Oct 2015). 311 08$a1-107-00553-1 320 $aIncludes bibliographical references. 327 $tBlack holes, entropy, and information /$rG.T. Horowitz --$tGravitational waves from black-hole mergers /$rJ.G. Baker [and others] --$tOut-of-this-world physics : black holes at future colliders /$rG. Landsberg --$tBlack holes in globular clusters /$rS.L.W. McMillan --$tEvolution of massive black holes /$rM. Volonteri --$tSupermassive black holes indeep multiwavelength surveys /$rC.M. Urry & E. Treister --$tBlack-hole masses from reverberation mapping /$rB.M. Peterson & M.C. Bentz --$tBlack-hole masses from gas dynamics /$rF.D. Macchetto --$tEvolution of supermassive black holes /$rA. Mu?ller & G. Hasinger --$tBlack-hole masses of distant quasars /$rM. Vestergaard --$tThe accretion history of supermassive black holes /$rK. Brand & the NDWFS Boo?tes Survey Teams --$tStrong field gravity and spin of black holes from broad iron lines /$rA.C. Fabian --$tBirth of massive black-hole binaries /$rM. Colpi [and others] --$tDynamics around supermassive black holes /$rA. Gualandris & D. Merritt --$tBlack-hole formation and growth /$rS.L. Shapiro --$tEstimating the spins of stellar-mass black holes /$rJ.E. McClintock, R. Narayan & R. Shafee --$tStellar relaxation processes near the galactic massive black hole /$rT. Alexander --$tTidal disruptions of stars by supermassive black holes /$rS. Gezari --$tWhere to look for radiatively inefficient accretion flows in low-luminosity AGN /$rM. Chiaberge --$tMaking black holes visible /$rJ.H. Krolik. 330 $aBlack holes, once considered to be of purely theoretical interest, play an important role in observational astronomy and a range of astrophysical phenomena. This volume is based on a meeting held at the Space Telescope Science Institute, which explored the many aspects of black hole astrophysics. Written by world experts in areas of stellar-mass, intermediate-mass and supermassive black holes, these review papers provide an up-to-date overview of developments in this field. Topics discussed range from black hole entropy and the fate of information to supermassive black holes at the centers of galaxies, and from the possibility of producing black holes in collider experiments to the measurements of black hole spins. This is an invaluable resource for researchers currently working in the field, and for graduate students interested in this active and growing area of research. 410 0$aSpace Telescope Science Institute symposium series ;$v21. 606 $aBlack holes (Astronomy) 606 $aAstrophysics 615 0$aBlack holes (Astronomy) 615 0$aAstrophysics. 676 $a523.8875 702 $aKoekemoer$b Anton 702 $aLivio$b Mario$f1945- 712 02$aSpace Telescope Science Institute (U.S.) 801 0$bUkCbUP 801 1$bUkCbUP 906 $aBOOK 912 $a9910968397803321 996 $aBLACK HOLES$9347239 997 $aUNINA